Best Linebackers of All Time - Statistics

General Stats
  • This quiz has been taken 22 times
  • The average score is 7 of 28
Answer Stats
Hint Answer % Correct
Baltimore Ravens Ray Lewis
100%
New York Giants Lawrence Taylor
95%
Chicago Bears Dick Butkus
60%
Pittsburgh Steelers Jack Lambert
45%
Carolina Panthers Luke Kuechly
45%
Los Angeles Chargers Junior Seau
40%
Tampa Bay Buccaneers Derrick Brooks
35%
Chicago Bears Brian Urlacher
30%
Chicago Bears Mike Singletary
30%
Los Angeles Rams Kevin Greene
25%
Denver Broncos Von Miller
25%
Oakland Raiders Ted Hendricks
20%
Philadelphia Eagles Chuck Bednarik
15%
Kansas City Chiefs Derrick Thomas
15%
Pittsburgh Steelers Jack Ham
15%
San Francisco 49ers Patrick Willis
15%
Dallas Cowboys DeMarcus Ware
10%
Green Bay Packers Ray Nitschke
10%
New Orleans Saints Rickey Jackson
10%
Baltimore Ravens Terrell Suggs
10%
Kansas City Chiefs Willie Lanier
10%
Chicago Bears Bill George
5%
Kansas City Chiefs Bobby Bell
5%
Pittsburgh Steelers James Harrison
5%
Detroit Lions Joe Schmidt
5%
New York Giants Harry Carson
0%
New Orleans Saints Pat Swilliing
0%
New York Giants Sam Huff
0%
No matching quizzes found
Score Distribution
Percent of People with Each Score
Percentile by Number Answered
Your Score History
You have not taken this quiz